000 01079cam a2200277 a 4500
001 000014992
005 20200929163932.0
008 030408s2002 mx b 001 0 spa
020 _a8476586302
040 _aDO-SdBNP
_cDLC
_dDLC
042 _apcc
082 _a300.1
_bZ53n
100 1 _aZemelman, Hugo,
_d1931-
_q(Hugo Zemelman Merino)
_933935
245 1 0 _aNecesidad de conciencia :
_bun modo de construir conocimiento /
_cHugo Zemelman ; prólogo de Horacio Cerutti Guldberg ; introducción de Josetxo Beriain.
260 _aMéxico :
_bEl Colegio de México :
_bAnthropos,
_c2002.
300 _axvii, 138 p. ;
_c21 cm.
490 1 _aAutores, textos y temas
_aCiencias sociales
_v34
504 _aIncluye referencias bibliográficas.
650 4 _aFilosofía de las ciencias sociales
_933936
650 4 _aTeoría del conocimiento
_913
700 1 _aCerutti Guldberg, Horacio
_epról.
_933937
700 1 _aBeriain, Josetxo
_eintr.
_933938
830 0 _aAutores, textos y temas
_pCiencias sociales ;
_v34
_933939
910 _aCatalogación por copia / LC
049 _aBNGR
999 _c14565
_d14565